[Event "YOUR WORST KNIGHTMARE"]
[Site "SchemingMind.com"]
[Date "2019.08.22"]
[Round "-"]
[White "krzysztof"]
[Black "Helga1946"]
[Result "0-1"]
[WhiteCountry "POL"]
[BlackCountry "GER"]
[WhiteElo "1600"]
[WhiteRD "78"]
[BlackElo "1916"]
[BlackRD "56"]
[GameID "444863"]

1. e4 c5 2. e5 Nc6 3. Nf3 Qc7 4. Qe2 d6 5. a3 dxe5 6. d3 Bg4 7. Nbd2 Rd8 8. h3 Be6 9. Ng5 Bd5 10. Nc4 Nd4
11. Qd1 f6 12. Ne4 Bxc4 13. c3 Bb3 14. Qh5+ g6 15. Qh4 Nc2+ 16. Kd2 Nxa1 17. c4 Bh6+ 18. f4 Bxf4+ 19. Ke2 Bxc1 20. g4 Rxd3
21. Kf2 Be3+ 22. Kg2 Rd4 23. Ng3 Bxc4 24. g5 Qc6+ 25. Kh2 Bxf1 26. Rxf1 Rd2+ 27. Ne2 Rxe2+ 28. Rf2 Bxf2 29. Qxf2 Rxf2+
0-1

[Event "YOUR WORST KNIGHTMARE"]
[Site "SchemingMind.com"]
[Date "2019.08.17"]
[Round "-"]
[White "krzysztof"]
[Black "splinter"]
[Result "1-0"]
[WhiteCountry "POL"]
[BlackCountry "CAN"]
[WhiteElo "1600"]
[WhiteRD "78"]
[BlackElo "1837"]
[BlackRD "76"]
[GameID "444864"]

1. e4 c5 2. b3 Nc6 3. Bb2 d6 4. Nc3 e6 5. Bb5 Bd7 6. Bd3 Nf6 7. Nf3 Be7 8. h3 a6 9. O-O O-O 10. Ne2 Nb4
11. a3 Nxd3 12. cxd3 e5 13. Ng3 Qc8 14. Nh2 Qc7 15. f4 b5 16. f5 Bc6 17. Nh5 Rad8 18. Nxf6+ Bxf6 19. Qh5 d5 20. Ng4 dxe4
21. Nxf6+ gxf6 22. Rae1 Rxd3 23. Rf2 Rg3 24. Re3 Rg7 25. Qh4 Qd6 26. g4 Kh8 27. Bc1 Rfg8 28. Rg2 Bd5 29. Rgg3 a5 30. d3 exd3
31. Rxd3 Qc6 32. Bh6 b4 33. a4 c4 34. bxc4 Bxc4 35. Bxg7+ Rxg7 36. Rde3 b3 37. Rg2 Bd5 38. Rge2 b2 39. Qe1 h5 40. Rxb2 Qxa4
41. Rg3 Qd4+ 42. Qf2 Qe4 43. Kf1 Qc4+ 44. Re2 Rg8 45. Qe3 Rb8 46. Qh6+
1-0

[Event "YOUR WORST KNIGHTMARE"]
[Site "SchemingMind.com"]
[Date "2019.08.17"]
[Round "-"]
[White "Matthew Bailey"]
[Black "krzysztof"]
[Result "1-0"]
[WhiteCountry "ENG"]
[BlackCountry "POL"]
[WhiteElo "2279"]
[WhiteRD "59"]
[BlackElo "1555"]
[BlackRD "72"]
[GameID "444865"]

1. Nf3 d6 2. d4 b6 3. e4 Ba6 4. Bxa6 Nxa6 5. c4 Nb8 6. Nc3 c6 7. O-O e6 8. Qa4 h6 9. d5 Ne7 10. dxe6 fxe6
11. Rd1 g5 12. e5 Nc8 13. exd6 Bxd6 14. c5 bxc5 15. Ne4 O-O 16. h4 Rxf3 17. gxf3 Qf8 18. Qb3 Qe7 19. hxg5 Kh8 20. Kg2 Nd7
21. Rh1 Ncb6 22. Rxh6+ Kg7 23. Rxe6 Qf7 24. g6 Qf5 25. Nxd6 Qd5 26. Qe3 Rf8 27. Qh6+ Kg8 28. Qh7#
1-0

[Event "YOUR WORST KNIGHTMARE"]
[Site "SchemingMind.com"]
[Date "2019.08.17"]
[Round "-"]
[White "Arnold Jones"]
[Black "krzysztof"]
[Result "1-0"]
[WhiteCountry "ENG"]
[BlackCountry "POL"]
[WhiteElo "1467"]
[WhiteRD "68"]
[BlackElo "1555"]
[BlackRD "72"]
[GameID "444866"]

1. c4 e5 2. Nc3 c6 3. Nf3 d6 4. d4 exd4 5. Nxd4 Nd7 6. e4 Ngf6 7. Bd3 Ne5 8. Be3 Bg4 9. Qc2 Qe7 10. h3 Bh5
11. g4 Nxd3+ 12. Qxd3 Bg6 13. f3 d5 14. Nf5 Bxf5 15. gxf5 dxe4 16. fxe4 Rd8 17. Qc2 Qc7 18. Rg1 b6 19. Bd2 Qh2 20. O-O-O Bb4
21. Be3 Qxc2+ 22. Kxc2 Bxc3 23. Rxd8+ Kxd8 24. bxc3 g6 25. Bg5 Ke7 26. e5 Rc8 27. fxg6 hxg6 28. exf6+ Kf8 29. Kb3 c5 30. h4 Rc6
31. h5 gxh5 32. Rh1 Ke8 33. Rxh5 Kd7 34. Rh1 Rd6 35. Re1 b5 36. Re7+ Kc6 37. Rxf7 bxc4+ 38. Kxc4 Re6 39. Rxa7 Re4+ 40. Kb3 Kb6
41. Rg7 Kb5 42. f7 c4+ 43. Ka3 Ka5 44. f8=Q Re6 45. Qf5+ Kb6 46. Qxe6+ Ka5 47. Bd8+ Kb5 48. Qb6#
1-0

[Event "YOUR WORST KNIGHTMARE"]
[Site "SchemingMind.com"]
[Date "2019.08.17"]
[Round "-"]
[White "capablanca"]
[Black "im_cincinnati_kid37"]
[Result "1-0"]
[WhiteCountry "GER"]
[BlackCountry "USA"]
[WhiteElo "1725"]
[WhiteRD "64"]
[BlackElo "1228"]
[BlackRD "82"]
[GameID "444879"]

1. e4 e5 2. Nf3 Nc6 3. Bc4 Nf6 4. d3 g6 5. Nc3 Bg7 6. Bg5 a6 7. O-O O-O 8. Nd5 d6 9. a3 Be6 10. Nxf6+ Bxf6
11. Bxf6 Qxf6 12. Bxe6 Qxe6 13. c3 b5 14. Qd2 Qf6 15. b4 Kg7 16. a4 bxa4 17. Rxa4 Rfc8 18. Rfa1 Nb8 19. b5 Kg8 20. Qa2 Qd8
21. Qd5 c6 22. bxc6 Rxc6 23. c4 Nd7 24. Qxc6 Nc5 25. R4a3 Kg7 26. Nxe5 Qc8 27. Qxc8 Rxc8 28. Nf3 Ra8 29. Nd4 h6 30. f3 h5
31. Nb5 f6 32. Nxd6 Kh6 33. d4 Ne6 34. Rd1 Nf4 35. c5 Ne6 36. c6 Nc7 37. d5 g5 38. Nf5+ Kh7 39. Ra5 h4 40. Rb1 Kg6
41. Rb7 Rc8 42. Ne7+ Kf7 43. Nxc8 Ke8 44. Rxc7 Kd8 45. Rh7 Kxc8 46. Rxa6
1-0

[Event "YOUR WORST KNIGHTMARE"]
[Site "SchemingMind.com"]
[Date "2019.08.17"]
[Round "-"]
[White "roscoe"]
[Black "capablanca"]
[Result "1-0"]
[WhiteCountry "USA"]
[BlackCountry "GER"]
[WhiteElo "1321"]
[WhiteRD "88"]
[BlackElo "1707"]
[BlackRD "71"]
[GameID "444880"]

1. d4 d5 2. Nf3 Nf6 3. Nbd2 Bf5 4. Nh4 Bd7 5. g3 Nc6 6. c3 g6 7. Bg2 Bg7 8. O-O O-O 9. Re1 Qc8 10. e4 dxe4
11. Nxe4 Nxe4 12. Bxe4 Nd8 13. a4 Bc6 14. Bxc6 Nxc6 15. d5 Ne5 16. b3 Re8 17. Rb1 c6 18. c4 cxd5 19. cxd5 Nd7 20. Bb2 Nf6
21. d6 exd6 22. Kg2 Qc6+ 23. Qf3 Rxe1 24. Rxe1 Rc8 25. Qxc6 bxc6 26. Ba3 Bf8 27. b4 d5 28. Rb1 Rb8 29. Rb3 Nd7 30. b5 Bxa3
31. Rxa3 cxb5 32. axb5 Rxb5 33. Rxa7 Nf6 34. Nf3 Ne4 35. Ne5 Nd6 36. Rd7 Rb6 37. Rd8+ Kg7 38. Nd7 d4 39. Nxb6
1-0

[Event "YOUR WORST KNIGHTMARE"]
[Site "SchemingMind.com"]
[Date "2019.08.18"]
[Round "-"]
[White "Steven DuCharme"]
[Black "capablanca"]
[Result "0-1"]
[WhiteCountry "USA"]
[BlackCountry "GER"]
[WhiteElo "1538"]
[WhiteRD "53"]
[BlackElo "1725"]
[BlackRD "64"]
[GameID "444881"]

1. Nf3 d5 2. g3 c5 3. Bg2 Nc6 4. d4 cxd4 5. Nxd4 Nf6 6. O-O e6 7. Nc3 g6 8. Bf4 Bg7 9. Ndb5 O-O 10. e3 Ne8
11. a3 a6 12. Nd4 Nxd4 13. exd4 Qb6 14. Na4 Qxd4 15. Qxd4 Bxd4 16. Nc3 Bd7 17. Rfd1 Ba7 18. Be3 Bxe3 19. fxe3 Nf6 20. h3 Bc6
21. Kf2 Rfd8 22. b4 Rac8 23. Ne2 Ba4 24. Ra2 Rxc2 25. Rxc2 Bxc2 26. Rc1 Be4 27. Rc7 Bxg2 28. Kxg2 Rd7 29. Rc8+ Kg7 30. Nc3 d4
31. exd4 Rxd4 32. g4 Rd2+ 33. Kg3 Rc2 34. Rc5 Rxc3+
0-1

[Event "YOUR WORST KNIGHTMARE"]
[Site "SchemingMind.com"]
[Date "2019.08.17"]
[Round "-"]
[White "capablanca"]
[Black "Kenny Elliott"]
[Result "1-0"]
[WhiteCountry "GER"]
[BlackCountry "USA"]
[WhiteElo "1725"]
[WhiteRD "64"]
[BlackElo "1597"]
[BlackRD "67"]
[GameID "444882"]

1. e4 c5 2. Nf3 d6 3. d4 cxd4 4. Nxd4 e5 5. Nb3 Nf6 6. Nc3 Be7 7. Bc4 O-O 8. Nd5 Nxe4 9. Nxe7+ Qxe7 10. O-O Be6
11. Bxe6 Qxe6 12. Be3 d5 13. Nc5 Nxc5 14. Bxc5 Re8 15. c3 Nc6 16. Re1 Rad8 17. Qc2 b6 18. Be3 Qd6 19. Rad1 e4 20. Bd4 Nxd4
21. Rxd4 f5 22. h3 f4 23. c4 Qc5 24. Qc3 dxc4 25. Rxc4 Qf5 26. Rc7 a5 27. Qxg7#
1-0

[Event "YOUR WORST KNIGHTMARE"]
[Site "SchemingMind.com"]
[Date "2019.08.17"]
[Round "-"]
[White "capablanca"]
[Black "Phillip Beckett"]
[Result "1-0"]
[WhiteCountry "GER"]
[BlackCountry "ENG"]
[WhiteElo "1683"]
[WhiteRD "64"]
[BlackElo "1476"]
[BlackRD "49"]
[GameID "444883"]

1. e4 e5 2. Nf3 Nc6 3. Bc4 Nf6 4. d3 Be7 5. Nc3 d6 6. h3 h6 7. Be3 O-O 8. Qd2 a6 9. O-O b5 10. Bb3 Na5
11. Nd5 Nxd5 12. Bxd5 Bb7 13. Qxa5 Bxd5 14. exd5
1-0

[Event "YOUR WORST KNIGHTMARE"]
[Site "SchemingMind.com"]
[Date "2019.08.19"]
[Round "-"]
[White "capablanca"]
[Black "DLambourne"]
[Result "0-1"]
[WhiteCountry "GER"]
[BlackCountry "ENG"]
[WhiteElo "1725"]
[WhiteRD "64"]
[BlackElo "2149"]
[BlackRD "171"]
[GameID "444884"]

1. d4 d5 2. c4 Nf6 3. Nc3 e6 4. Bg5 Be7 5. Nf3 O-O 6. e3 Nc6 7. Bd3 Nb4 8. c5 Nxd3+ 9. Qxd3 b6 10. cxb6 axb6
11. O-O Ba6
0-1

[Event "YOUR WORST KNIGHTMARE"]
[Site "SchemingMind.com"]
[Date "2019.08.17"]
[Round "-"]
[White "capablanca"]
[Black "kenneth m day"]
[Result "1-0"]
[WhiteCountry "GER"]
[BlackCountry "USA"]
[WhiteElo "1725"]
[WhiteRD "64"]
[BlackElo "1720"]
[BlackRD "51"]
[GameID "444885"]

1. e4 e5 2. Nf3 Nc6 3. Bb5 a6 4. Ba4 Nf6 5. d3 Bc5 6. c3 d6 7. Bg5 Bd7 8. b4 Ba7 9. Bb3 h6 10. Be3 Bxe3
11. fxe3 g5 12. O-O Qe7 13. Nbd2 O-O-O 14. a4 Ng4 15. Qe2 Be6 16. b5 Na5 17. Bxe6+ Qxe6 18. c4 f5 19. exf5 Qxf5 20. bxa6 bxa6
21. Nd4 Qd7 22. Qf3 exd4 23. Qa8#
1-0

[Event "YOUR WORST KNIGHTMARE"]
[Site "SchemingMind.com"]
[Date "2019.08.17"]
[Round "-"]
[White "krzysztof"]
[Black "capablanca"]
[Result "0-1"]
[WhiteCountry "POL"]
[BlackCountry "GER"]
[WhiteElo "1555"]
[WhiteRD "72"]
[BlackElo "1725"]
[BlackRD "64"]
[GameID "444886"]

1. e4 e5 2. g3 Bc5 3. c3 Nc6 4. Bg2 d6 5. b4 Bb6 6. a4 a6 7. a5 Ba7 8. Na3 Be6 9. Nf3 Nf6 10. d3 O-O
11. Bg5 h6 12. Bd2 Ng4 13. d4 exd4 14. h3 dxc3 15. hxg4 cxd2+ 16. Qxd2 Bxg4 17. Nc2 Qf6 18. Qf4 Qxf4 19. gxf4 Rfe8 20. O-O Rxe4
21. Rfe1 Rxf4 22. Kh2 Bxf3 23. Bxf3 Rxf3 24. Ne3 Rxf2+ 25. Kg3 Rb2 26. Kf3 Nxb4 27. Nf5 Rf2+ 28. Kg4 Nc2 29. Re7 Nxa1 30. Rxc7 Rxf5
31. Kxf5 Rb8 32. Rc1 Nb3
0-1

[Event "YOUR WORST KNIGHTMARE"]
[Site "SchemingMind.com"]
[Date "2019.08.17"]
[Round "-"]
[White "ray winteringham"]
[Black "capablanca"]
[Result "1-0"]
[WhiteCountry "ENG"]
[BlackCountry "GER"]
[WhiteElo "1543"]
[WhiteRD "51"]
[BlackElo "1683"]
[BlackRD "64"]
[GameID "444887"]

1. e4 c5 2. Nf3 d6 3. Bc4 Nc6 4. O-O Nf6 5. d3 g6 6. Bd2 Bg7 7. h3 O-O 8. Bc3 e6 9. Bb5 Bd7 10. Bc4 a6
11. Nbd2 b5 12. Bb3 a5 13. Bxf6 Bxf6 14. c3 Ne5 15. Bc2 Bc6 16. Nh2 b4 17. cxb4 axb4 18. Qe2 Bb5 19. Rfb1 Nc6 20. a3 bxa3
21. Rxa3 Rxa3 22. bxa3 Nd4 23. Qd1 Nxc2 24. Qxc2 Qa5 25. Nhf3 Qxa3 26. Rxb5 Qa1+ 27. Qb1
1-0

[Event "YOUR WORST KNIGHTMARE"]
[Site "SchemingMind.com"]
[Date "2019.08.17"]
[Round "-"]
[White "capablanca"]
[Black "splinter"]
[Result "1-0"]
[WhiteCountry "GER"]
[BlackCountry "CAN"]
[WhiteElo "1725"]
[WhiteRD "64"]
[BlackElo "1812"]
[BlackRD "76"]
[GameID "444888"]

1. d4 Nf6 2. c4 g6 3. Nc3 Bg7 4. e4 d6 5. Bg5 O-O 6. Nf3 Re8 7. Be2 c5 8. d5 Nbd7 9. O-O Nb6 10. b3 h6
11. Bd2 Nbd7 12. Rc1 Nf8 13. Bd3 N8h7 14. e5 dxe5 15. Nxe5 e6 16. dxe6 Bxe6 17. Bf4 Qd4 18. Bg3 Nh5 19. Nf3 Qd8 20. Be5 f6
21. Bg3 Nxg3 22. hxg3 f5 23. Nd5 Kh8 24. Nf4 Bf7 25. Re1 Qa5 26. Qc2 Nf6 27. Ne5 Kg8 28. Kf1 Ne4 29. Nxf7 Kxf7 30. Bxe4 fxe4
31. Rxe4 Qa6 32. Rce1 Rxe4 33. Qxe4 Bf8 34. Qd5+ Kg7 35. Ne6+ Kh8 36. Nc7
1-0

[Event "YOUR WORST KNIGHTMARE"]
[Site "SchemingMind.com"]
[Date "2019.08.17"]
[Round "-"]
[White "Matthew Bailey"]
[Black "capablanca"]
[Result "1-0"]
[WhiteCountry "ENG"]
[BlackCountry "GER"]
[WhiteElo "2232"]
[WhiteRD "65"]
[BlackElo "1683"]
[BlackRD "64"]
[GameID "444889"]

1. e4 e5 2. Nf3 d6 3. d4 Nd7 4. c3 exd4 5. cxd4 Ndf6 6. Nc3 Ne7 7. Be2 Ng6 8. h3 Be7 9. Be3 a6 10. O-O c5
11. dxc5 dxc5 12. Qxd8+ Kxd8 13. Rfd1+ Ke8 14. Rac1 b6 15. e5 Nd7 16. Nd5 Ra7 17. b4 Ngxe5 18. bxc5 Nxf3+ 19. Bxf3 Bxc5 20. Nxb6 Nxb6
21. Bc6+ Bd7 22. Bxc5 Rc7 23. Re1+ Kd8 24. Bxb6
1-0

[Event "YOUR WORST KNIGHTMARE"]
[Site "SchemingMind.com"]
[Date "2019.08.17"]
[Round "-"]
[White "Arnold Jones"]
[Black "capablanca"]
[Result "0-1"]
[WhiteCountry "ENG"]
[BlackCountry "GER"]
[WhiteElo "1467"]
[WhiteRD "68"]
[BlackElo "1725"]
[BlackRD "64"]
[GameID "444890"]

1. d4 d5 2. Nf3 Bf5 3. e3 e6 4. c4 c6 5. Nc3 Nf6 6. Be2 dxc4 7. Bxc4 Be7 8. Bd2 Nbd7 9. Qe2 Nb6 10. Bb3 O-O
11. O-O-O Ne4 12. h3 Nxd2 13. Rxd2 Nd5 14. e4 Nxc3 15. bxc3 Ba3+ 16. Kc2 Bg6 17. Ne5 Qf6 18. Nd7 Qh4 19. g4 Rfd8 20. Ne5 Qf6
21. h4 h6 22. Nxg6 Qxg6 23. h5 Qg5 24. e5 Rd7 25. Qf1 Qxg4 26. f3 Qf5+ 27. Rd3 a5 28. Kb1 a4 29. Bc2 Qf4 30. Qg2 Be7
31. Rdd1 Ra6 32. Be4 Rb6+ 33. Kc2 a3 34. Rb1 Rxb1 35. Kxb1 Rd8 36. Rg1 Bg5 37. Kc2 c5 38. Rd1 cxd4 39. Qe2 dxc3 40. Bd3 Rc8
41. Bh7+ Kxh7 42. Qd3+ Qf5 43. Qxf5+ exf5 44. Rd7 Kg8 45. Rxb7 Bf4 46. Rb5 Re8 47. Rb3 Ra8 48. Rb5 Bd2 49. Rb6 Ra5 50. Rb8+ Kh7
51. Rf8 Rxe5 52. Rxf7 Ra5 53. Kb3 f4 54. Kc2 Rxh5
0-1

[Event "YOUR WORST KNIGHTMARE"]
[Site "SchemingMind.com"]
[Date "2019.08.18"]
[Round "-"]
[White "capablanca"]
[Black "grabapawn"]
[Result "1-0"]
[WhiteCountry "GER"]
[BlackCountry "USA"]
[WhiteElo "1725"]
[WhiteRD "64"]
[BlackElo "1453"]
[BlackRD "54"]
[GameID "444891"]

1. e4 d6 2. d4 Nf6 3. Nc3 Nbd7 4. Nf3 e5 5. dxe5 dxe5 6. Bg5 Be7 7. Bc4 c6 8. O-O Qc7 9. Qe2 h6 10. Bh4 g5
11. Bg3 Nh5 12. Nxe5 Nxg3 13. Bxf7+ Kd8 14. fxg3 Nxe5 15. Rad1+ Bd7 16. Be6 Rf8 17. Rxf8+ Bxf8 18. Qf2 Be7 19. Qf5 Bd6 20. Qf6+ Kc8
21. Qh8+ Qd8 22. Bxd7+ Kxd7 23. Qxe5 Qb6+ 24. Kh1 c5 25. Qg7+ Kc6 26. Nd5 Qb5 27. Qc3 Rf8 28. Ne3 Bf4 29. gxf4 gxf4 30. Nf5 Kc7
31. Qg7+ Kb6 32. Qxf8
1-0

[Event "YOUR WORST KNIGHTMARE"]
[Site "SchemingMind.com"]
[Date "2019.08.22"]
[Round "-"]
[White "Helga1946"]
[Black "capablanca"]
[Result "1-0"]
[WhiteCountry "GER"]
[BlackCountry "GER"]
[WhiteElo "1916"]
[WhiteRD "56"]
[BlackElo "1707"]
[BlackRD "71"]
[GameID "444892"]

1. c4 d5 2. cxd5 Qxd5 3. Nc3 Qd8 4. d4 e6 5. e4 Nf6 6. a3 Be7 7. Bf4 c6 8. Qd3 O-O 9. Nf3 Nbd7 10. Rc1 Nb6
11. Bd2 h6 12. Be2 c5 13. dxc5 Qxd3 14. Bxd3 Bxc5 15. e5 Nfd7 16. O-O a6 17. Rfd1 Be7 18. Be2 Nc5 19. Be3 Ncd7 20. h3 Bc5
21. Bxc5 Nxc5 22. Rd6 Ncd7 23. b4 Rb8 24. Rcd1 Nd5 25. Nxd5 exd5 26. R1xd5 b5 27. Nd4 Nb6 28. Rc5 Bb7 29. Rxb6
1-0